DreamWorks Characters By Picture - Statistics

General Stats
  • This quiz has been taken 101 times
  • The average score is 8 of 14
Answer Stats
Picture Answer % Correct
Shrek
96%
Po
94%
Toothless
89%
Tai Lung
70%
Death
65%
Poppy
65%
Private
58%
Melman
49%
Rumpelstiltskin
48%
Grug Crood
47%
Sinbad
41%
Tighten
39%
Z
24%
Dr. Cockroach Ph.D
19%
No matching quizzes found
Score Distribution
Percent of People with Each Score
Percentile by Number Answered
Your Score History
You have not taken this quiz